| 000 | 00625nam a2200205Ia 4500 | ||
|---|---|---|---|
| 003 | OSt | ||
| 005 | 20260107125529.0 | ||
| 008 | 210210b1925 xxu||||| |||| 00| 0 eng d | ||
| 040 | _cAL | ||
| 041 | _aKannada | ||
| 082 | _a859/1281 | ||
| 100 |
_aBIKAJI PARSHURAMA PANTA (Ka) _dಭಿಕಾಜಿ ಪರಶುರಾಮ ಪಂತ (ಕಾ) _9250513 |
||
| 245 |
_aGhatuka Shitikantha _bಘಾತುಕ ಶಿತಿಕಂಠ |
||
| 260 |
_aDhAravADa _bSheshachala Granthamale _c1925 |
||
| 650 |
_ashitikanTa _9250514 |
||
| 650 |
_aGhAtuka _9250515 |
||
| 690 |
_aKannada Fiction _9250516 |
||
| 906 | _a022020 | ||
| 942 |
_2ddc _cBK |
||
| 999 |
_c146126 _d146126 |
||